000 00337nam a2200133Ia 4500
005 20251222140056.0
008 251222s1900||||xx |||||||||||||| ||spa||
020 _a9786124512407
082 _a200/F12
245 0 _aLa Iglesia, Misterio y Tarea:
250 _a1ra. ed.
264 _bFacultad de TeologĂ­a San Vicente Ferrer
942 _cLIB
999 _c3760
_d3760